| 000 | 00377pab a2200157 454500 | ||
|---|---|---|---|
| 008 | 180718b2000 xxu||||| |||| 00| 0 eng d | ||
| 100 | _aDhameja, Nand | ||
| 245 | _aUrban infrastructure financing: innovative tools | ||
| 260 | _c2000 | ||
| 300 | _ap.12-20 | ||
| 362 | _aJul-Sep | ||
| 650 | _aUrbanization | ||
| 700 | _aGupta, Rakesh | ||
| 773 | _aNagarlok | ||
| 909 | _a47904 | ||
| 999 |
_c47904 _d47904 |
||